The art of indian asia : (Record no. 137181)
[ view plain ]
| 000 -LEADER | |
|---|---|
| fixed length control field | 00575nam a22001937a 4500 |
| 010 ## - LIBRARY OF CONGRESS CONTROL NUMBER | |
| LC control number | 113515 |
| 035 ## - SYSTEM CONTROL NUMBER | |
| System control number | 113515 |
| 037 ## - SOURCE OF ACQUISITION | |
| Source of stock number/acquisition | Cen Lib / Ret |
| 040 ## - CATALOGING SOURCE | |
| Original cataloging agency | DPL |
| Language of cataloging | EN |
| 082 ## - DEWEY DECIMAL CLASSIFICATION NUMBER | |
| Classification number | 709.54 |
| Item number | ZIM |
| 100 ## - MAIN ENTRY--PERSONAL NAME | |
| Personal name | Zimmer, Heinrich |
| 245 ## - TITLE STATEMENT | |
| Title | The art of indian asia : |
| Remainder of title | its mythology and transformations / |
| Statement of responsibility, etc | by Heinrich Zimmer |
| 260 ## - PUBLICATION, DISTRIBUTION, ETC. (IMPRINT) | |
| Place of publication, distribution, etc | New York |
| Name of publisher, distributor, etc | Pantheon Books |
| Date of publication, distribution, etc | 1955 |
| 270 ## - ADDRESS | |
| Address | Pantheon Books |
| City | New York |
| 300 ## - PHYSICAL DESCRIPTION | |
| Extent | v 1. 465 ; v 2 614p |
| Dimensions | 27cm(hb) |
| 650 ## - SUBJECT ADDED ENTRY--TOPICAL TERM | |
| Topical term or geographic name as entry element | Art -- India. |
| 650 ## - SUBJECT ADDED ENTRY--TOPICAL TERM | |
| Topical term or geographic name as entry element | Hindu mythology. |
| 942 ## - ADDED ENTRY ELEMENTS (KOHA) | |
| Source of classification or shelving scheme | Dewey Decimal Classification |
| Koha item type | English Books |
| Classification part | 709.54 |
| Call number suffix | ZIM |
| Withdrawn status | Lost status | Materials specified (bound volume or other part) | Damaged status | Not for loan | Home library | Current library | Date acquired | Source of acquisition | Total Checkouts | Full call number | Barcode | Date last seen | Copy number | Price effective from | Koha item type |
|---|---|---|---|---|---|---|---|---|---|---|---|---|---|---|---|
| v 1 | Central Library | Central Library | 23/03/2016 | Cen Lib/Ret | 709.54 ZIM | 113515 | 23/03/2016 | 1 | 23/03/2016 | English Books | |||||
| v 1 | Central Library | Central Library | 23/03/2016 | Cen Lib/Ret | 709.54 ZIM | 077852 | 23/03/2016 | 2 | 27/07/2016 | English Books | |||||
| v 2 | Central Library | Central Library | 23/03/2016 | Cen Lib/Ret | 709.54 ZIM | 113516 | 23/03/2016 | 1 | 23/03/2016 | English Books |
